Το θέατρο του καταπιεσμένου : το θέατρο ως εργαλείο κοινωνικής παρέμβασης: το παράδειγμα της Βαρκελώνης

Αποθηκεύτηκε σε:
Λεπτομέρειες βιβλιογραφικής εγγραφής
Κύριος συγγραφέας: Μποέμη, Νάγια
Συγγραφή απο Οργανισμό/Αρχή: Πανεπιστήμιο Αιγαίου. Σχολή Κοινωνικών Επιστημών. Τμήμα Κοινωνικής Ανθρωπολογίας και Ιστορίας. Πρόγραμμα Μεταπτυχιακών Σπουδών Κοινωνική και Ιστορική Ανθρωπολογία
Μορφή: Thesis Βιβλίο
Γλώσσα:Greek
Δημοσίευση: 2008.
Θέματα:
Διαθέσιμο Online:http://hdl.handle.net/11610/14464
Ετικέτες: Προσθήκη ετικέτας
Δεν υπάρχουν, Καταχωρήστε ετικέτα πρώτοι!

MARC

LEADER 00000cam a2200000 i 4500
001 1/871
008 090818s2008 gr | ||| |||| ||gre||
035 |l 10105391 
040 |a GR-MyUa  |b gre  |e AACR2 
041 0 |a gre 
082 7 |a 792   |2 (22) 
100 1 |a Μποέμη, Νάγια. 
245 1 3 |a Το θέατρο του καταπιεσμένου :   |b το θέατρο ως εργαλείο κοινωνικής παρέμβασης: το παράδειγμα της Βαρκελώνης /   |c Μποέμη Νάγια ; επιτροπή: Παραδέλλης Θεόδωρος, Πανόπουλος Πάνος, Παπαμαστοράκης Τίτος. 
260 |c 2008. 
300 |a 84 σ. ;   |c 30 εκ. 
502 |a Διατριβή (μεταπτυχιακή) – Πανεπιστήμιο Αιγαίου, Λέσβος, 2008. 
504 |a Βιβλιογραφία: σ. 81-84. 
650 0 0 |a Theater  |z Spain. 
650 0 0 |a Street theater  |z Spain. 
650 0 0 |a Theater  |x Social aspects. 
650 0 0 |a Street entertainers  |z Spain. 
650 0 0 |a Dissertations, Academic  |z Greece. 
700 1 |a Παραδέλλης, Θεόδωρος,  |e dgs 
710 2 |a Πανεπιστήμιο Αιγαίου.   |b Σχολή Κοινωνικών Επιστημών.   |b Τμήμα Κοινωνικής Ανθρωπολογίας και Ιστορίας.   |b Πρόγραμμα Μεταπτυχιακών Σπουδών Κοινωνική και Ιστορική Ανθρωπολογία. 
852 |a INST  |b LESVOS  |c DIATR  |e 20090818  |h 129  |p 005100045711  |q 005100045711  |t MTXE  |y 23 
852 |a INST  |b LESVOS  |c DIATR  |e 20090818  |h 130  |p 005100045712  |q 005100045712  |t MTXE  |y 23 
856 |u http://hdl.handle.net/11610/14464 
901 |a BIBL1-2009-2 
924 |a Μποέμη  |b Νάγια  |y Λέσβος  |z 2008-12 
970 |a ΤΖΑΦΕΡΗ  |b ΕΥΑΓΓΕΛΙΑ  |z 2009/08/18